000 00423nam a22001457a 4500
003 macl
005 20171026125850.0
008 171026b xxu||||| |||| 00| 0 eng d
040 _cmacl
100 _aShammim,Mohd
_969341
245 _aLiminaries of Fictional Theory: Henry Janes, E M Forster and Wayne C Booth
260 _aBareilly
_bNeel Kamal Prakashan
_c2016
650 _aCritical Literature
_969342
942 _2ddc
_cBK
999 _c57102
_d57102